Precis and paragraph writing (Record no. 4878)

000 -LEADER
fixed length control field 00466 a2200157 4500
020 ## - INTERNATIONAL STANDARD BOOK NUMBER
International Standard Book Number 8189261509
040 ## - CATALOGING SOURCE
Original cataloging agency DLC
Language of cataloging DLC
082 ## - DEWEY DECIMAL CLASSIFICATION NUMBER
Classification number 808.042 SHA
100 ## - MAIN ENTRY--PERSONAL NAME
Personal name Shaffer, Lawrence
245 ## - TITLE STATEMENT
Title Precis and paragraph writing
Statement of responsibility, etc. Lawrence Shaffer,
260 ## - PUBLICATION, DISTRIBUTION, ETC.
Place of publication, distribution, etc. New Delhi:
Name of publisher, distributor, etc. K. S. Paperbacks.
300 ## - PHYSICAL DESCRIPTION
Extent 364 p.
Dimensions 20 cm.
500 ## - GENERAL NOTE
General note Includes Index
650 ## - SUBJECT ADDED ENTRY--TOPICAL TERM
Topical term or geographic name entry element 1.English language--Rhetoric.Report writing.English language--Paragraphs.
942 ## - ADDED ENTRY ELEMENTS (KOHA)
Koha item type Book
Call number prefix 808.042 SHA
Source of classification or shelving scheme
Holdings
Withdrawn status Lost status Damaged status Not for loan Collection code Permanent Location Current Location Shelving location Date acquired Source of acquisition Cost, normal purchase price Total Checkouts Total Renewals Full call number Barcode Date last seen Date last checked out Price effective from Koha item type
          Central Library (CL) Central Library (CL) General Stacks 09/23/2005 Academic Book company 120.96 3 1 808.042 SHA SEECS006463 04/18/2024 01/30/2020 01/05/2017 Book
© 2023 Central Library, National University of Sciences and Technology. All Rights Reserved.